000 00662nam a2200289Ia 4500
005 20260324144919.0
008 008 260324s9999 xx 000 0 eng d
020 _a9781315835822
037 _aEBOOK
040 _aCRL
040 _beng
040 _cCRL
041 _2eng
041 _aeng
084 _qCRL
100 _aJ. Vansina
_91221076
245 0 _aArt History in Africa
245 3 _bAn Introduction to Method
260 _bTaylor and Francis
260 _c1985
365 _a
365 _b230
856 _uhttp://www.taylorfrancis.com/books/9781315835822
942 _cEBOOK
999 _c1828289
_d1828289